[Event "Mistrzostwa Polski Juniorow Mlodszych do lat 14 - OOM Zachodniopomorskie 2023"]
[Site "Darlowek"]
[Date "1899-12-30"]
[Round "8.8"]
[White "Klim, Juliusz"]
[Black "Pycinski, Wladyslaw"]
[Result "0-1"]
[WhiteTitle "I+"]
[BlackTitle "I"]
[WhiteElo "1607"]
[BlackElo "1942"]

1. e4 c5 2. Nf3 g6 3. d4 cxd4 4. Nxd4 Nc6 5. c4 Nf6 6. Nc3 d6 7. Be2 Nxd4 8. Qxd4
Bg7 9. Be3 O-O 10. Qd3 a5 11. O-O a4 12. Bd4 Bd7 13. b4 axb3 14. axb3 Bc6 15.
Rfd1 Qc7 16. f3 b6 17. Qe3 Nd7 18. Bxg7 Kxg7 19. Nd5 Bxd5 20. cxd5 Qc5 21. Kf2
f5 22. b4 Qxe3+ 23. Kxe3 f4+ 24. Kd2 Ne5 25. Ba6 Ra7 26. Rdc1 Rfa8 27. b5 Nd7
28. Ra3 Nc5 29. Rca1 Kf6 30. Kc2 Ke5 31. Kb2 Rf8 32. Kc2 Raa8 33. Kd2 g5 34. h3
h5 35. Ke2 Rh8 36. Rg1 Rag8 37. Raa1 g4 38. Kf2 Rg5 39. Rad1 Rhg8 40. h4 R5g7
41. Rh1 Rg6 42. Rdg1 gxf3 43. gxf3 Nd3+ 44. Kf1 Rxg1+ 45. Rxg1 Rxg1+ 46. Kxg1
Kd4 47. Bc8 Ke3 48. Kg2 Ne5 49. Bf5 Nxf3 50. Kh3 Nd2 0-1

[Event "Mistrzostwa Polski Juniorow Mlodszych do lat 14 - OOM Zachodniopomorskie 2023"]
[Site "Darlowek"]
[Date "1899-12-30"]
[Round "8.9"]
[White "Kania, Franciszek"]
[Black "Jaszczuk, Piotr"]
[Result "1-0"]
[WhiteTitle "I"]
[BlackTitle "II"]
[WhiteElo "1875"]
[BlackElo "1556"]

1. Nf3 Nf6 2. e3 g6 3. b4 Bg7 4. Bb2 O-O 5. c4 d6 6. d4 Nbd7 7. Be2 b6 8. O-O Bb7
9. Nc3 Re8 10. Qb3 e6 11. Rfd1 Ne4 12. Nxe4 Bxe4 13. Nd2 Bb7 14. Bf3 Bxf3 15.
Nxf3 g5 16. a4 g4 17. Ne1 f5 18. Nd3 Nf6 19. a5 Ne4 20. b5 h5 21. axb6 axb6 22.
Nf4 h4 23. c5 d5 24. cxb6 cxb6 25. Rac1 Kf7 26. Rc6 g3 27. f3 Ng5 28. h3 Re7 29.
Rdc1 Rea7 30. Qd3 Ra2 31. Qb3 R2a7 32. e4 fxe4 33. fxe4 Nxe4 34. Nxe6 Qd7 35.
Qf3+ Kg8 36. Qg4 Qf7 37. Nxg7 Qf2+ 38. Kh1 Rxg7 39. Rc8+ Rxc8 40. Rxc8+ Qf8 41.
Rxf8+ Kxf8 42. Ba3+ Kg8 43. Qe6+ Rf7 44. Kg1 1-0

[Event "Mistrzostwa Polski Juniorow Mlodszych do lat 14 - OOM Zachodniopomorskie 2023"]
[Site "Darlowek"]
[Date "1899-12-30"]
[Round "8.10"]
[White "Futyma, Dawid"]
[Black "Zmarzly, Wiktor"]
[Result "0-1"]
[WhiteTitle "I"]
[BlackTitle "I+"]
[WhiteElo "1519"]
[BlackElo "1763"]

1. Nf3 d6 2. d4 f5 3. b3 Nf6 4. Bb2 g6 5. e3 Bg7 6. Bd3 O-O 7. Nbd2 Qe8 8. O-O
h6 9. Re1 Nc6 10. e4 fxe4 11. Nxe4 Nxe4 12. Bxe4 Bf5 13. Bxf5 gxf5 14. Qe2 Qf7
15. c4 Rae8 16. d5 Bxb2 17. Qxb2 Nd8 18. Qd2 Qf6 19. Qa5 e5 20. dxe6 Rxe6 21.
Qxa7 Rfe8 22. Qa5 Nc6 23. Qd2 Nd4 24. Rad1 Nxf3+ 25. gxf3 Kh7 26. Rxe6 Rxe6 27.
Kf1 Qh4 28. Kg2 Rg6+ 29. Kf1 Qh3+ 30. Ke2 Re6+ 31. Kd3 Qxf3+ 32. Kc2 Re2 0-1

[Event "Mistrzostwa Polski Juniorow Mlodszych do lat 14 - OOM Zachodniopomorskie 2023"]
[Site "Darlowek"]
[Date "1899-12-30"]
[Round "8.11"]
[White "Majcher, Igor"]
[Black "Butkiewicz, Jan"]
[Result "1/2-1/2"]
[WhiteTitle "II+"]
[BlackTitle "I"]
[WhiteElo "1646"]
[BlackElo "1691"]

1. e4 c5 2. Nf3 g6 3. d4 cxd4 4. Nxd4 Nc6 5. c4 Nf6 6. Nc3 d6 7. Be2 Nxd4 8. Qxd4
Bg7 9. Be3 O-O 10. Qd2 Be6 11. O-O a5 12. b3 Nd7 13. Rac1 Nc5 14. f3 Qb6 15. Kh1
Qb4 16. Nb5 Qxd2 17. Bxd2 Rfc8 18. Nc3 a4 19. b4 Bxc3 20. Rxc3 Nd7 21. a3 Rc6
22. Rfc1 Rac8 23. f4 f5 24. exf5 Bxf5 25. Kg1 Nf6 26. Bf3 Ne4 27. Bxe4 Bxe4 28.
g3 d5 29. cxd5 Rxc3 30. Rxc3 Rxc3 31. Bxc3 Bxd5 32. Kf2 1/2-1/2

[Event "Mistrzostwa Polski Juniorow Mlodszych do lat 14 - OOM Zachodniopomorskie 2023"]
[Site "Darlowek"]
[Date "1899-12-30"]
[Round "8.12"]
[White "Dobosiewicz, Dawid"]
[Black "Zareba, Piotr"]
[Result "1/2-1/2"]
[WhiteTitle "I+"]
[BlackTitle "I+"]
[WhiteElo "1872"]
[BlackElo "1690"]

1. e4 e6 2. d4 d5 3. e5 c5 4. c3 Nc6 5. Nf3 Qb6 6. a3 c4 7. Nbd2 Na5 8. Be2 Nh6
9. O-O Be7 10. Qe1 Nf5 11. Bd1 h5 12. Bc2 g5 13. Qe2 g4 14. Ne1 Bd7 15. Rb1 O-O-O
16. Bxf5 exf5 17. g3 f4 18. f3 Rdg8 19. Ng2 fxg3 20. hxg3 Bf5 21. Ne3 Bd3 22.
Qg2 Bxf1 23. Ndxf1 Qg6 24. Nxd5 Qxb1 25. Nxe7+ Kb8 26. Bf4 Ka8 27. fxg4 Rxg4 28.
Nd5 a6 29. e6 fxe6 30. Nc7+ Ka7 31. Qf2 Rxf4 32. Qxf4 Qf5 33. Qxf5 exf5 34. Ne3
h4 35. Nxf5 hxg3 36. Nxg3 Kb6 37. Ne6 Kb5 38. Kg2 Nb3 39. Ne4 Kc6 40. Nf4 Rg8+
41. Kf2 Rh8 42. d5+ Kd7 43. Ng6 Rh2+ 44. Ke3 Rxb2 45. Ne5+ Kd8 46. d6 Na5 47.
Kd4 Nc6+ 48. Nxc6+ bxc6 49. Nc5 Rb3 50. Nxa6 Kd7 51. Nc5+ Kxd6 52. Nxb3 cxb3 53.
Kd3 Kc5 54. c4 b2 55. Kc2 b1=Q+ 56. Kxb1 Kxc4 57. Kc2 c5 58. a4 Kb4 59. a5 Kxa5
60. Kc3 1/2-1/2

[Event "Mistrzostwa Polski Juniorow Mlodszych do lat 14 - OOM Zachodniopomorskie 2023"]
[Site "Darlowek"]
[Date "1899-12-30"]
[Round "8.13"]
[White "Jablonski, Antoni"]
[Black "Olszewski, Antoni"]
[Result "1-0"]
[WhiteTitle "II+"]
[BlackTitle "II+"]
[WhiteElo "1567"]
[BlackElo "1821"]

1. d4 d5 2. c4 c6 3. e3 Nf6 4. Nc3 e6 5. Nf3 Nbd7 6. Bd3 dxc4 7. Bxc4 b5 8. Bd3
Bb7 9. e4 a6 10. e5 Nd5 11. Nxd5 exd5 12. O-O Be7 13. e6 fxe6 14. Ng5 Nf8 15.
Nxe6 Nxe6 16. Qh5+ Kd7 17. Re1 Ng5 18. Bf4 Qf8 19. Qg4+ Kd8 20. Bxg5 Bxg5 21.
Qxg5+ Qf6 22. Qxf6+ gxf6 23. Re6 Rf8 24. Bxh7 Rf7 25. Bg6 Rg7 26. Bd3 Rf7 27.
Rae1 Rb8 28. Re8+ Kc7 29. Rxb8 Kxb8 30. Re8+ Kc7 31. Bf5 c5 32. dxc5 d4 33. f3
Kc6 34. b4 a5 35. a3 axb4 36. axb4 Kc7 37. Kf2 Bd5 38. h4 Bc6 39. Rh8 Bd5 40.
h5 Bc4 41. Rh7 Rxh7 42. Bxh7 d3 43. Ke3 Bf7 44. Bg6 Bxg6 45. hxg6 1-0

[Event "Mistrzostwa Polski Juniorow Mlodszych do lat 14 - OOM Zachodniopomorskie 2023"]
[Site "Darlowek"]
[Date "1899-12-30"]
[Round "8.14"]
[White "Haladaj, Adam"]
[Black "Gawlik, Olivier"]
[Result "1-0"]
[WhiteTitle "I"]
[BlackTitle "II+"]
[WhiteElo "1614"]
[BlackElo "1412"]

1. e4 c5 2. Nf3 e6 3. d4 cxd4 4. Nxd4 Nc6 5. Nc3 Qc7 6. a3 a6 7. Be3 Nf6 8. Be2
Be7 9. O-O b5 10. f4 Bb7 11. e5 Nxd4 12. Bxd4 Ne4 13. Nxe4 Bxe4 14. Bd3 Bxd3 15.
Qxd3 Rc8 16. c3 g6 17. a4 Qc4 18. Qd1 b4 19. b3 Qd5 20. c4 Qc6 21. Qd2 d5 22.
exd6 Qxd6 23. Rad1 Rd8 24. Qb2 Rg8 25. Qe2 Qc6 26. Be3 Bc5 27. Rxd8+ Kxd8 28.
Rd1+ Ke7 29. Bxc5+ Qxc5+ 30. Qf2 Qxf2+ 31. Kxf2 Rc8 32. Ke3 a5 33. Rd3 Rc7 34.
h3 f5 35. g3 h5 36. Kf3 Rc5 37. Re3 Kf6 38. h4 Ke7 39. Re5 Rc7 40. Rxa5 Rd7 41.
Ke2 1-0

[Event "Mistrzostwa Polski Juniorow Mlodszych do lat 14 - OOM Zachodniopomorskie 2023"]
[Site "Darlowek"]
[Date "1899-12-30"]
[Round "8.15"]
[White "Gruca, Karol"]
[Black "Micula, Jakub"]
[Result "1/2-1/2"]
[WhiteTitle "II+"]
[BlackTitle "I"]
[WhiteElo "1510"]
[BlackElo "1600"]

1. e4 c5 2. g3 Nc6 3. Bg2 g6 4. Ne2 Bg7 5. O-O e6 6. c3 Nge7 7. d4 cxd4 8. cxd4
d5 9. exd5 Nxd5 10. Nbc3 O-O 11. Nxd5 exd5 12. Be3 Be6 13. Qd2 Re8 14. Rac1 Qb6
15. Nc3 Rad8 16. Na4 Qa5 17. Qxa5 Nxa5 18. b3 Rc8 19. Nc3 Nc6 20. Nxd5 Red8 21.
Rxc6 bxc6 22. Ne7+ Kf8 23. Nxc8 Rxc8 24. Rc1 Bd7 25. d5 cxd5 26. Rxc8+ Bxc8 27.
Bxa7 Be6 28. Kf1 Ke7 29. Bc5+ Kd7 30. Ke2 Kc6 31. Ba3 Bf5 32. b4 Be6 33. Bc1 Kb5
34. a3 Kc4 35. Kd1 Bd7 36. Bf1+ Kb3 37. b5 Ka4 38. Bg2 Kxb5 39. Bxd5 Be6 40. Bxe6
fxe6 41. Ke2 Ka4 42. Kd3 Kb3 43. Ke4 Bc3 44. Be3 Bg7 45. Bc5 Ka4 46. f4 Kb5 47.
Bb4 Kc4 48. Bd6 Kb3 49. Kd3 Bf6 50. Ke4 Bg7 51. Kf3 Bf6 52. g4 Ka4 53. g5 Bb2
54. Ke4 Kb5 55. Be7 Kc6 56. a4 Bc3 57. Bf6 Bd2 58. Bd8 Bc3 59. a5 Kb5 60. Bf6
Bd2 61. Ke5 Kxa5 62. Kxe6 Bxf4 63. h3 h6 64. gxh6 Bxh6 65. Kf7 Be3 66. Kxg6 Bf2
67. Kf5 Kb5 68. Ke4 Kc6 69. Kf3 Be1 1/2-1/2

[Event "Mistrzostwa Polski Juniorow Mlodszych do lat 14 - OOM Zachodniopomorskie 2023"]
[Site "Darlowek"]
[Date "1899-12-30"]
[Round "8.16"]
[White "Nowakowski, Maksymilian"]
[Black "Nocek, Dominik"]
[Result "1-0"]
[WhiteTitle "I"]
[BlackTitle "I"]
[WhiteElo "1788"]
[BlackElo "1501"]

1. d4 Nf6 2. c4 c5 3. Nf3 cxd4 4. Nxd4 e6 5. Nb5 d6 6. g3 a6 7. N5c3 Be7 8. Bg2
O-O 9. O-O Qc7 10. Nd2 Bd7 11. e3 Bc6 12. e4 Nbd7 13. Qe2 Rab8 14. a4 b6 15. g4
Rfc8 16. f4 Qb7 17. g5 Ne8 18. Qg4 Nc7 19. h4 d5 20. h5 Nc5 21. exd5 exd5 22.
b4 N5e6 23. b5 axb5 24. axb5 Bd7 25. Nxd5 Nxd5 26. Bxd5 Qc7 27. g6 Nd8 28. f5
Bf6 29. Ra3 Kh8 30. gxf7 Nb7 31. Ne4 Bd4+ 32. Kh1 Nc5 33. Bf4 Be5 34. Ra7 1-0

[Event "Mistrzostwa Polski Juniorow Mlodszych do lat 14 - OOM Zachodniopomorskie 2023"]
[Site "Darlowek"]
[Date "1899-12-30"]
[Round "8.17"]
[White "Durzynski, Jan"]
[Black "Rosa, Antoni"]
[Result "1/2-1/2"]
[WhiteTitle "I"]
[BlackTitle "I++"]
[WhiteElo "1499"]
[BlackElo "1643"]

1. c4 c5 2. e4 e5 3. d3 d6 4. Nc3 Nc6 5. g3 g6 6. Bg2 Bg7 7. Nge2 Nge7 8. O-O O-O
9. f3 Nd4 10. Nxd4 cxd4 11. Nd5 Nxd5 12. cxd5 Bd7 13. Bd2 Rc8 14. Qb3 Qb6 15.
Qxb6 axb6 16. Bb4 Bb5 17. Bxd6 Bxd3 18. Rfd1 Rfd8 19. Be7 Bc2 20. Bxd8 Bxd1 21.
Bxb6 Ba4 22. Bh3 Ra8 23. d6 d3 24. d7 Bf6 25. Be3 Rd8 26. Kf2 Bxd7 27. Bxd7 Rxd7
28. Ke1 Be7 29. a3 f5 30. Rc1 Bf6 31. Kd2 f4 32. Bf2 fxg3 33. hxg3 Kg7 34. Be3
h5 35. g4 Bd8 36. Rh1 hxg4 37. fxg4 Rd6 38. Rf1 Bb6 39. g5 Bd8 40. Rc1 Kf7 41.
Rc3 Ke6 42. Rxd3 Rxd3+ 43. Kxd3 Kd6 44. Kc4 Kc6 45. a4 b6 46. b4 Bc7 47. Bc1 Bd8
48. Bd2 Bc7 49. Bc3 Bd8 50. Bxe5 Bxg5 51. a5 bxa5 52. bxa5 Bd8 53. Bc3 g5 54.
Kd3 g4 55. a6 g3 56. Ke3 Kb5 57. a7 Bb6+ 58. Bd4 g2 59. Kd3 Bxd4 60. a8=Q g1=Q
61. Qe8+ Kb4 1/2-1/2

[Event "Mistrzostwa Polski Juniorow Mlodszych do lat 14 - OOM Zachodniopomorskie 2023"]
[Site "Darlowek"]
[Date "1899-12-30"]
[Round "8.18"]
[White "Uhryn, Lukasz"]
[Black "Prokopiuk, Jakub"]
[Result "1-0"]
[WhiteTitle "I"]
[BlackTitle "I"]
[WhiteElo "1455"]
[BlackElo "1562"]

1. e4 c5 2. Nf3 Nc6 3. d4 cxd4 4. Nxd4 Nf6 5. Nc3 d6 6. Bg5 e6 7. Bb5 Bd7 8. Bxc6
bxc6 9. Qf3 Be7 10. e5 Nd5 11. Ne4 Qa5+ 12. c3 dxe5 13. Bxe7 Kxe7 14. Nb3 Qb6
15. O-O-O Rab8 16. Qg3 a5 17. Qxg7 a4 18. Rxd5 cxd5 19. Qf6+ Ke8 20. Qxh8+ Ke7
21. Qf6+ Ke8 22. Ng5 axb3 23. a3 d4 24. Nxf7 dxc3 25. Rd1 cxb2+ 26. Kxb2 Qc5 27.
Nd6+ 1-0

[Event "Mistrzostwa Polski Juniorow Mlodszych do lat 14 - OOM Zachodniopomorskie 2023"]
[Site "Darlowek"]
[Date "1899-12-30"]
[Round "8.19"]
[White "Wojtacha, Krzysztof"]
[Black "Rajlich, Vaclav"]
[Result "1-0"]
[WhiteTitle "I"]
[BlackTitle "I"]
[WhiteElo "1505"]
[BlackElo "1530"]

1. e4 c5 2. Nf3 Nc6 3. d4 cxd4 4. Nxd4 g6 5. c4 Bg7 6. Be3 Nf6 7. Nc3 O-O 8. Be2
d6 9. Qd2 Bd7 10. f3 Nxd4 11. Bxd4 Bc6 12. O-O-O Qa5 13. Kb1 e6 14. g4 a6 15.
h4 b5 16. Rdg1 b4 17. Nd1 d5 18. cxd5 exd5 19. e5 Nd7 20. f4 Nc5 21. Nf2 Rab8
22. Rc1 Ne4 23. Nxe4 dxe4 24. Rxc6 Rfd8 25. Rc4 f6 26. Qe3 fxe5 27. fxe5 Bxe5
28. Rc5 Bxd4 29. Qb3+ 1-0

[Event "Mistrzostwa Polski Juniorow Mlodszych do lat 14 - OOM Zachodniopomorskie 2023"]
[Site "Darlowek"]
[Date "1899-12-30"]
[Round "8.20"]
[White "Jasiulewicz, Dawid"]
[Black "Karwot, Marek"]
[Result "1-0"]
[WhiteTitle "I"]
[BlackTitle "II+"]
[WhiteElo "1927"]
[BlackElo "1597"]

1. d4 Nf6 2. Nf3 g6 3. c4 Bg7 4. Nc3 d5 5. cxd5 Nxd5 6. e4 Nxc3 7. bxc3 c5 8. Rb1
O-O 9. Be2 cxd4 10. cxd4 Qa5+ 11. Bd2 Qxa2 12. O-O Qe6 13. Re1 b6 14. Bb5 Bb7
15. Qe2 a5 16. Bf4 Ba6 17. d5 Qg4 18. Bc7 a4 19. h3 Qd7 20. Bxb6 Bxb5 21. Rxb5
Bc3 22. Rc1 Rc8 23. Rbb1 Na6 24. Qa2 Bb4 25. Ne5 Qd6 26. Nc6 Ba3 27. e5 Nb4 28.
Qxa3 Qxd5 29. Nxe7+ 1-0

[Event "Mistrzostwa Polski Juniorow Mlodszych do lat 14 - OOM Zachodniopomorskie 2023"]
[Site "Darlowek"]
[Date "1899-12-30"]
[Round "8.21"]
[White "Wasiluk, Mateusz"]
[Black "Niesyt, Michal"]
[Result "1/2-1/2"]
[WhiteTitle "II+"]
[BlackTitle "I"]
[WhiteElo "1570"]
[BlackElo "1710"]

1. e4 c5 2. Nf3 d6 3. Bb5+ Bd7 4. Bxd7+ Qxd7 5. c4 Nc6 6. O-O g6 7. d4 cxd4 8.
Nxd4 Bg7 9. Nc2 Nf6 10. Nc3 O-O 11. f3 a6 12. Qe2 Rab8 13. Be3 Qc7 14. Rac1 Ne5
15. b3 b5 16. Nd5 Qb7 17. cxb5 Nxd5 18. exd5 axb5 19. Nb4 Rfe8 20. Nc6 Rbc8 21.
Nb4 Nd7 22. Rc6 Bc3 23. Rxc3 Rxc3 24. Bd4 Rcc8 25. Nc6 e5 26. Bf2 Nf6 27. Na7
Rb8 28. Nc6 Rbc8 29. Na7 Rb8 30. Nc6 Nxd5 31. Nxb8 Nf4 32. Qd2 Qxb8 33. Be3 Ne6
34. a4 Rd8 35. Qd5 bxa4 36. bxa4 Qa8 37. Qb5 Rb8 38. Qd7 d5 39. Qd6 d4 40. Bh6
Rd8 41. Qxe5 d3 42. Bd2 Qa7+ 43. Kh1 Qd4 44. Qxd4 Nxd4 45. Kg1 Nb3 46. Rd1 Nxd2
47. Rxd2 Ra8 48. Rxd3 Rxa4 49. Rd2 g5 1/2-1/2

[Event "Mistrzostwa Polski Juniorow Mlodszych do lat 14 - OOM Zachodniopomorskie 2023"]
[Site "Darlowek"]
[Date "1899-12-30"]
[Round "8.22"]
[White "Lechowski, Witold"]
[Black "Stachowiak, Bruno"]
[Result "1-0"]
[WhiteTitle "I"]
[BlackTitle "II"]
[WhiteElo "1650"]
[BlackElo "1596"]

1. Nf3 e6 2. g3 d5 3. Bg2 Nf6 4. O-O c5 5. d4 Nc6 6. c4 Qb6 7. cxd5 Nxd4 8. Nc3
Nxf3+ 9. Bxf3 Bd6 10. Qc2 Bd7 11. Be3 Rc8 12. Rfd1 e5 13. Bg5 h6 14. Bxf6 gxf6
15. Be4 Ke7 16. Bf5 Qc7 17. Qe4 Rhg8 18. Rd3 Rg5 19. Rf3 Rcg8 20. Qc2 Bxf5 21.
Rxf5 Qd7 22. Rxg5 fxg5 23. e4 Rf8 24. Re1 b5 25. Nd1 f5 26. Ne3 fxe4 27. Qxe4
Ke8 28. Ng4 Qf7 29. Re2 Kd7 30. Nxh6 Qg7 1-0

[Event "Mistrzostwa Polski Juniorow Mlodszych do lat 14 - OOM Zachodniopomorskie 2023"]
[Site "Darlowek"]
[Date "1899-12-30"]
[Round "8.24"]
[White "Grobelny, Mikolaj"]
[Black "Wolski, Ernest"]
[Result "1/2-1/2"]
[WhiteTitle "I"]
[BlackTitle "II"]
[WhiteElo "1577"]
[BlackElo "1317"]

1. e4 e5 2. Nf3 Nc6 3. d4 exd4 4. Nxd4 Bc5 5. Be3 Bb6 6. Nf5 Qf6 7. Nc3 Nge7 8.
Bxb6 axb6 9. Ne3 O-O 10. Bc4 d6 11. O-O Ne5 12. Bb3 Be6 13. f4 Bxb3 14. axb3 N5c6
15. Nb5 Rac8 16. Nc3 Ra8 17. Qd2 Rxa1 18. Rxa1 Qxf4 19. g3 Qf6 20. Kg2 h6 21.
Ra2 Ne5 22. Qd1 Qg6 23. Ra7 Rb8 24. Ra4 Kh7 25. Nb5 Rc8 26. Nc3 c6 27. Ra7 Rc7
28. Nc4 Nxc4 29. bxc4 f5 30. e5 d5 31. Ra8 Qe6 32. cxd5 cxd5 33. Qe2 Ng6 34. Rd8
Rc5 35. Rd6 Qxe5 36. Qxe5 Nxe5 1/2-1/2

[Event "Mistrzostwa Polski Juniorow Mlodszych do lat 14 - OOM Zachodniopomorskie 2023"]
[Site "Darlowek"]
[Date "1899-12-30"]
[Round "8.25"]
[White "Jagodzinski, Jaromir"]
[Black "Kowalski, Witold"]
[Result "1/2-1/2"]
[WhiteTitle "II+"]
[BlackTitle "I+"]
[WhiteElo "1473"]
[BlackElo "1662"]

1. e4 c5 2. Nf3 Nc6 3. d4 cxd4 4. Nxd4 Nf6 5. Nc3 d6 6. Bg5 e6 7. f4 h6 8. Nxc6
bxc6 9. Bxf6 Qxf6 10. Qd2 Rb8 11. O-O-O Be7 12. g3 O-O 13. Be2 e5 14. Rhg1 d5
15. exd5 Bc5 16. Ne4 Qe7 17. Nxc5 Qxc5 18. fxe5 cxd5 19. Qxd5 Qe3+ 20. Qd2 Qxe5
21. c3 Be6 22. c4 Rfc8 23. Rge1 Bxc4 24. Bxc4 Rxc4+ 25. Kb1 Qf5+ 26. Qd3 Qb5 27.
Rd2 Rb4 28. Qxb5 R4xb5 29. Re7 a5 30. Ra7 Rf5 31. b3 g6 32. Kb2 h5 33. Rad7 Rbb5
34. Ra7 Kg7 35. Ra6 Kh6 36. Rc6 Kg7 1/2-1/2

[Event "Mistrzostwa Polski Juniorow Mlodszych do lat 14 - OOM Zachodniopomorskie 2023"]
[Site "Darlowek"]
[Date "1899-12-30"]
[Round "8.26"]
[White "Zielen, Stanislaw"]
[Black "Werblinski, Wojciech"]
[Result "1-0"]
[WhiteTitle "II+"]
[BlackTitle "II"]
[WhiteElo "1356"]
[BlackElo "1253"]

1. d4 Nf6 2. c4 e5 3. e3 exd4 4. exd4 d5 5. Nc3 Nbd7 6. Bf4 dxc4 7. Bxc4 Nb6 8.
Bb3 Bb4 9. a3 Ba5 10. Qe2+ Qe7 11. Qxe7+ Kxe7 12. Bxc7 Bxc3+ 13. bxc3 Nbd5 14.
Ba5 b6 15. Bb4+ Nxb4 16. axb4 Bb7 17. f3 b5 18. Kd2 Rhc8 19. Ne2 Bd5 20. Bxd5
Nxd5 21. Rhc1 f5 22. g3 Rc6 23. Ra5 a6 24. Ra2 Rac8 25. Re1 Kd7 26. Ra3 Nb6 27.
Kd3 Nc4 28. Raa1 Re8 29. Nf4 Rxe1 30. Rxe1 Nb6 31. Re5 g6 32. Nd5 Nxd5 33. Rxd5+
Rd6 34. Rxd6+ Kxd6 35. c4 g5 36. f4 g4 37. d5 h6 38. Kd4 bxc4 39. Kxc4 h5 40.
Kd4 1-0

[Event "Mistrzostwa Polski Juniorow Mlodszych do lat 14 - OOM Zachodniopomorskie 2023"]
[Site "Darlowek"]
[Date "1899-12-30"]
[Round "9.1"]
[White "Sowinski, Pawel"]
[Black "Bochniak, Franciszek"]
[Result "1/2-1/2"]
[WhiteTitle "FM"]
[BlackTitle "I++"]
[WhiteElo "2313"]
[BlackElo "1884"]

1. c4 b6 2. e4 Bb7 3. Nc3 e5 4. g3 Nf6 5. Bg2 Nc6 6. Nge2 Bc5 7. O-O O-O 8. d3
d6 9. a3 a5 10. Rb1 Bc8 11. h3 h6 12. Kh2 Bd7 13. f4 Rb8 14. Nd5 Nxd5 15. exd5
Nd4 16. Nc3 Nf5 17. Be4 Ne3 18. Bxe3 Bxe3 19. f5 Bg5 20. a4 Be3 21. Qe2 Bd4 22.
Nb5 Bxb5 23. cxb5 Qf6 24. Rf3 h5 25. Qd2 Rfe8 26. Kg2 Kf8 27. g4 Qh4 28. Qe1 Qg5
29. Qc1 Qh4 30. Qe1 Qg5 31. Qc1 1/2-1/2

[Event "Mistrzostwa Polski Juniorow Mlodszych do lat 14 - OOM Zachodniopomorskie 2023"]
[Site "Darlowek"]
[Date "1899-12-30"]
[Round "9.2"]
[White "Cieslak, Patryk"]
[Black "Liskiewicz, Jakub"]
[Result "1-0"]
[WhiteTitle "FM"]
[BlackTitle "I++"]
[WhiteElo "2319"]
[BlackElo "1902"]

1. e4 c6 2. d4 d5 3. Nd2 dxe4 4. Nxe4 Bf5 5. Ng3 Bg6 6. Nf3 Nd7 7. h4 h6 8. Bd3
Bxd3 9. Qxd3 e6 10. Bf4 Ngf6 11. O-O-O Be7 12. Kb1 a5 13. Ne4 Nxe4 14. Qxe4 Nf6
15. Qd3 Nd5 16. Be5 Bf6 17. c4 Nb4 18. Qe2 O-O 19. a3 Na6 20. g4 Bxe5 21. Nxe5
Nc7 22. g5 hxg5 23. hxg5 Qxg5 24. Rh5 Qf6 25. Rdh1 g6 26. Ng4 Qxd4 27. Qe3 Qg7
28. Rh8+ 1-0

[Event "Mistrzostwa Polski Juniorow Mlodszych do lat 14 - OOM Zachodniopomorskie 2023"]
[Site "Darlowek"]
[Date "1899-12-30"]
[Round "9.3"]
[White "Warchol, Kamil"]
[Black "Kraczek, Cezary"]
[Result "1/2-1/2"]
[WhiteTitle "FM"]
[BlackTitle "I"]
[WhiteElo "2103"]
[BlackElo "1720"]

1. e4 Nf6 2. e5 Nd5 3. d4 d6 4. Nf3 dxe5 5. Nxe5 g6 6. Be2 Bg7 7. O-O O-O 8. Bf3
Nb6 9. Re1 c6 10. c3 Bf5 11. Bf4 N8d7 12. Nxd7 Qxd7 13. Nd2 Nd5 14. Bg3 Rfe8 15.
Nc4 Rad8 16. Qe2 Qc8 17. Rad1 Nb6 18. Ne3 Be6 19. Qc2 Nc4 20. Nxc4 Bxc4 21. Qa4
Ba6 22. Bh4 Bf6 23. Bxf6 exf6 24. Qa5 Rxe1+ 25. Rxe1 Re8 26. Rc1 Qe6 27. h3 Qd6
28. Qa4 Qf4 29. Qd1 Be2 30. Bxe2 Rxe2 31. Qxe2 Qxc1+ 32. Kh2 1/2-1/2

[Event "Mistrzostwa Polski Juniorow Mlodszych do lat 14 - OOM Zachodniopomorskie 2023"]
[Site "Darlowek"]
[Date "1899-12-30"]
[Round "9.4"]
[White "Suska, Szymon"]
[Black "Zielonka, Adam"]
[Result "1/2-1/2"]
[WhiteTitle "I"]
[BlackTitle "I++"]
[WhiteElo "1879"]
[BlackElo "2100"]

1. e4 c5 2. Nf3 e6 3. d4 cxd4 4. Nxd4 Nc6 5. Nc3 a6 6. Be2 d6 7. Be3 Nf6 8. Qd2
Be7 9. O-O-O Bd7 10. f4 b5 11. Nxc6 Bxc6 12. Qd4 Qc7 13. Bf3 Rc8 14. Rhe1 O-O
15. a3 a5 16. Qb6 b4 17. axb4 Qxb6 18. Bxb6 axb4 19. Nb1 Nd7 20. Be3 Nc5 21. Bxc5
dxc5 22. Nd2 Rfd8 23. e5 Bb5 24. Ne4 Bc6 25. Rxd8+ Rxd8 26. Nf6+ Bxf6 27. Bxc6
Be7 28. Rd1 g5 29. Rxd8+ Bxd8 30. g3 gxf4 31. gxf4 f6 1/2-1/2

[Event "Mistrzostwa Polski Juniorow Mlodszych do lat 14 - OOM Zachodniopomorskie 2023"]
[Site "Darlowek"]
[Date "1899-12-30"]
[Round "9.5"]
[White "Ratajczak, Hubert"]
[Black "Rekuc, Patryk"]
[Result "1-0"]
[WhiteTitle "I"]
[BlackTitle "I"]
[WhiteElo "1972"]
[BlackElo "1852"]

1. c4 Nf6 2. Nc3 g6 3. e4 d6 4. d4 Bg7 5. h4 O-O 6. h5 c5 7. h6 Bh8 8. d5 b5 9.
cxb5 a6 10. bxa6 Bxa6 11. Bxa6 Nxa6 12. Nf3 Nd7 13. O-O Qb6 14. a4 Nc7 15. Bd2
Rfb8 16. Rb1 Qa6 17. b3 Rb7 18. Qc2 Rab8 19. Nd1 Nb6 20. Ne3 c4 21. a5 cxb3 22.
Rxb3 Nd7 23. Rxb7 Rxb7 24. Bc3 Bxc3 25. Qxc3 f6 26. Nd4 Nc5 27. Nc6 Nb5 28. Qc4
Na7 29. Qxa6 Nxa6 30. Rc1 Nc5 31. a6 Rc7 32. Rb1 Nxa6 33. Rb6 Nxc6 34. dxc6 Ra7
35. Nd5 Kf7 36. f4 f5 37. e5 dxe5 38. fxe5 Nc7 39. Nb4 Ra5 40. Rb7 Rb5 41. Nd3
Rd5 42. Nf4 Rd4 43. g3 g5 44. Ne2 Rd2 45. Kf1 Ne6 46. Nc3 Rd3 47. Nb5 Rd1+ 48.
Kf2 Rc1 49. Nd6+ Kg6 50. Rxe7 Nd4 51. c7 1-0

[Event "Mistrzostwa Polski Juniorow Mlodszych do lat 14 - OOM Zachodniopomorskie 2023"]
[Site "Darlowek"]
[Date "1899-12-30"]
[Round "9.6"]
[White "Pycinski, Wladyslaw"]
[Black "Kania, Franciszek"]
[Result "1/2-1/2"]
[WhiteTitle "I"]
[BlackTitle "I"]
[WhiteElo "1942"]
[BlackElo "1875"]

1. d4 d5 2. Nf3 Nf6 3. g3 c5 4. c4 dxc4 5. Qa4+ Bd7 6. Qxc4 cxd4 7. Bg2 Nc6 8.
Nxd4 Rc8 9. O-O e5 10. Nxc6 Bxc6 11. Bxc6+ Rxc6 12. Qb3 Qb6 13. Nc3 Qxb3 14. axb3
a6 15. Bg5 Nd7 16. Rfd1 h6 17. Be3 Nf6 18. Nd5 Bc5 19. Bxc5 Rxc5 20. Nxf6+ gxf6
21. Rd6 Rb5 22. Rad1 O-O 23. R1d3 Kg7 24. Rf3 f5 25. Rc3 f6 26. Rd7+ Rf7 27. Rd8
Kg6 28. Kg2 Rb4 29. e3 a5 30. Ra8 b6 31. Rb8 Rd7 32. Rc6 Rxb3 33. Rbxb6 Rxb6 34.
Rxb6 Rd2 35. b4 axb4 36. Rxb4 Rc2 37. h4 1/2-1/2

[Event "Mistrzostwa Polski Juniorow Mlodszych do lat 14 - OOM Zachodniopomorskie 2023"]
[Site "Darlowek"]
[Date "1899-12-30"]
[Round "9.7"]
[White "Zmarzly, Wiktor"]
[Black "Bartodziej, Bartosz"]
[Result "1-0"]
[WhiteTitle "I+"]
[BlackTitle "I"]
[WhiteElo "1763"]
[BlackElo "1936"]

1. e4 c5 2. Nf3 d6 3. Bb5+ Nd7 4. Ba4 Ngf6 5. O-O e6 6. Re1 Be7 7. c3 a6 8. d4
b5 9. Bc2 Bb7 10. Nbd2 Qc7 11. Nf1 O-O 12. Ng3 a5 13. Bf4 Rfc8 14. Rc1 b4 15.
d5 e5 16. Nf5 Bf8 17. Bg5 c4 18. Qd2 bxc3 19. bxc3 Rcb8 20. N3h4 Qd8 21. Re3 h6
22. Rg3 Kh7 23. Nxh6 gxh6 24. Nf5 Nc5 25. Rh3 Nfxe4 26. Bxh6 Kg8 1-0

[Event "Mistrzostwa Polski Juniorow Mlodszych do lat 14 - OOM Zachodniopomorskie 2023"]
[Site "Darlowek"]
[Date "1899-12-30"]
[Round "9.8"]
[White "Komendecki, Antoni"]
[Black "Majcher, Igor"]
[Result "1-0"]
[WhiteTitle "I++"]
[BlackTitle "II+"]
[WhiteElo "1999"]
[BlackElo "1646"]

1. e4 c5 2. Nf3 d6 3. d4 cxd4 4. Nxd4 Nf6 5. Nc3 a6 6. Bg5 e6 7. f4 Be7 8. Qf3
Qc7 9. O-O-O Nbd7 10. f5 Ne5 11. Qh3 O-O 12. fxe6 Nfg4 13. Bxe7 Qxe7 14. Qg3 Bxe6
15. h3 Nf6 16. Nf5 Bxf5 17. exf5 b5 18. Qf4 Rab8 19. g4 b4 20. Ne4 Nxe4 21. Qxe4
a5 22. Kb1 Rfc8 23. Bd3 Qb7 24. Qxb7 Rxb7 25. Ba6 Rbc7 26. Bxc8 Rxc8 27. Rxd6
Nc4 28. Rd7 1-0